000 00342nam a2200145Ia 4500
005 20260328104326.0
008 260328s9999||||xx |||||||||||||| ||und||
100 _aPereznieto, Leonel
245 0 _aUna Puerta al art deco /
_cLeonel Pereznieto
250 _a1a ed.
260 _bUnam
300 _a111 p.
650 _aARTE
942 _cBK
999 _c11549
_d11549